| 000 -LEADER |
| fixed length control field |
01075cam a22003134a 4500 |
| 001 - CONTROL NUMBER |
| control field |
16722365 |
| 005 - DATE AND TIME OF LATEST TRANSACTION |
| control field |
20200623133757.0 |
| 008 - FIXED-LENGTH DATA ELEMENTS--GENERAL INFORMATION |
| fixed length control field |
110405s2012 maua 000 0 eng |
| 010 ## - LIBRARY OF CONGRESS CONTROL NUMBER |
| LC control number |
2011010635 |
| 020 ## - INTERNATIONAL STANDARD BOOK NUMBER |
| International Standard Book Number |
9780123814791 |
| 020 ## - INTERNATIONAL STANDARD BOOK NUMBER |
| International Standard Book Number |
9789380931913 |
| 040 ## - CATALOGING SOURCE |
| Original cataloging agency |
DLC |
| Transcribing agency |
DLC |
| Modifying agency |
DLC |
| 042 ## - AUTHENTICATION CODE |
| Authentication code |
pcc |
| 050 00 - LIBRARY OF CONGRESS CALL NUMBER |
| Classification number |
QA76.9.D343 |
| Item number |
H36 2012 |
| 080 ## - UNIVERSAL DECIMAL CLASSIFICATION NUMBER |
| Universal Decimal Classification number |
004.65+681 H-22 |
| 082 00 - DEWEY DECIMAL CLASSIFICATION NUMBER |
| Classification number |
006.3/12 |
| Edition number |
22 |
| 100 1# - MAIN ENTRY--PERSONAL NAME |
| Personal name |
Han, Jiawei. |
| 9 (RLIN) |
8704 |
| 245 10 - TITLE STATEMENT |
| Title |
Data mining : |
| Remainder of title |
concepts and techniques / |
| Statement of responsibility, etc. |
Jiawei Han, Micheline Kamber, Jian Pei. |
| 250 ## - EDITION STATEMENT |
| Edition statement |
3rd ed. |
| 260 ## - PUBLICATION, DISTRIBUTION, ETC. |
| Place of publication, distribution, etc. |
Burlington, MA : |
| Name of publisher, distributor, etc. |
Elsevier, |
| Date of publication, distribution, etc. |
c2012. |
| 300 ## - PHYSICAL DESCRIPTION |
| Extent |
xxxv, 703 p. : |
| Other physical details |
ill. ; |
| Dimensions |
25 cm. |
| 650 #0 - SUBJECT ADDED ENTRY--TOPICAL TERM |
| Topical term or geographic name entry element |
Data mining. |
| 9 (RLIN) |
8705 |
| 653 ## - INDEX TERM--UNCONTROLLED |
| keyword |
კომპიუტერული ტექნოლოგიები |
| 700 1# - ADDED ENTRY--PERSONAL NAME |
| Personal name |
Kamber, Micheline. |
| Relator term |
ავტორი |
| 9 (RLIN) |
8706 |
| 700 1# - ADDED ENTRY--PERSONAL NAME |
| Personal name |
Pei, Jian |
| Relator term |
ავტორი |
| 9 (RLIN) |
8707 |
| 906 ## - LOCAL DATA ELEMENT F, LDF (RLIN) |
| a |
7 |
| b |
cbc |
| c |
orignew |
| d |
1 |
| e |
ecip |
| f |
20 |
| g |
y-gencatlg |
| 942 ## - ADDED ENTRY ELEMENTS (KOHA) |
| Source of classification or shelving scheme |
|
| Koha item type |
წიგნი |